00358nam a2200145Ia 4500008004100000020001500041041000800056082001900064100001900083245003200102260003300134300001700167365000700184650002100191210719s1994 xx 000 0 und d a8172860153 aeng a001.6424C LEAU aLEACH (Ronald) aUsing C in software design. aBostonbAcademic Pressc1994 axiii,402bPB cRs aComputer Science